000 00784cam a22002651 4500
001 8015719
003 ARRUPE
005 20220520082814.0
008 720420s1967 enkab 000 0 eng
010 _a 67078011
015 _aGB67-3231
035 _a(OCoLC)289409
040 _aDLC
_cOKentU
_dOCoLC
_dNN
_dUk
_dDLC
042 _apremarc
043 _af------
050 0 0 _aDT31
_b.W27
100 1 _aWard, W. E. F.
_q(William Ernest Frank),
_d1900-
_951715
245 1 0 _aEmergent Africa
_c[by] W.E.F. Ward.
260 _aLondon,
_bAllen & Unwin,
_c1967.
300 _a231 p.
_billus., maps
_c22 cm.
490 0 _a20th century histories,
_v3
651 0 _aAfrica
_xHistory
_y20th century.
_931507
906 _a7
_bcbc
_coclcrpl
_du
_encip
_f19
_gy-gencatlg
942 _2lcc
_cMONOGRAPH
999 _c131476
_d131476